000 00326nam a22001337a 4500
008 180925b xxu||||| |||| 00| 0 eng d
020 _a0070720517
041 _aeng
080 _a370
100 _a57
101 _aEDU
245 _aWriting The 21 century Computers And Research Writing
_cWilliam.W
942 _2udc
_cBK
999 _c48426
_d48426